| 000 | 00856pam a2200277 a 4500 | ||
|---|---|---|---|
| 001 | 2469284 | ||
| 003 | OSt | ||
| 005 | 20170421204815.0 | ||
| 008 | 901010s1991 enka b 001 0 eng | ||
| 010 | _a 90020751 | ||
| 020 |
_a0471928046 _c$90.00 |
||
| 020 |
_a0471928054 _c$23.00 |
||
| 040 |
_aDLC _cDLC _dDLC |
||
| 050 | 0 | 0 |
_aQC176 _b.H66 1991 |
| 082 | 0 | 0 |
_a530.14 _220 _bHOO 2010 |
| 100 | 1 |
_aHook, J. R.; Hall, H.E. _98072 |
|
| 245 | 1 | 0 | _aSolid State Physics |
| 250 | _a2nd ed. | ||
| 260 |
_aNew York; _bWiley, _c1991. |
||
| 300 |
_axxi, 474 p. : _bill. ; _c24 cm. |
||
| 504 | _aIncludes bibliographical references and index. | ||
| 650 | 0 |
_aSolid state physics. _9376 |
|
| 856 | 4 | 2 |
_3Publisher description _uhttp://www.loc.gov/catdir/description/wiley037/90020751.html |
| 906 |
_a7 _bcbc _corignew _d1 _eocip _f19 _gy-gencatlg |
||
| 942 |
_2ddc _cSLOAN |
||
| 999 |
_c3622 _d3622 |
||